[Event "Qatar Masters Open 2024"]
[Site "Doha QAT"]
[Date "2024.12.05"]
[Round "3.65"]
[White "Yakubbaeva, Nilufar"]
[Black "Omonov, Asrorjon"]
[Result "0-1"]
[WhiteTitle "WGM"]
[BlackTitle "FM"]
[WhiteElo "2241"]
[BlackElo "2360"]
[WhiteFideId "14204487"]
[BlackFideId "14212552"]
[EventDate "2024.12.03"]

1. d4 Nf6 2. c4 e6 3. Nf3 d5 4. Nc3 c6 5. e3 Nbd7 6. Be2 dxc4 7. Bxc4 b5 8. Bb3
a6 9. O-O Bb7 10. a3 c5 11. Re1 Bd6 12. e4 cxd4 13. Nxd4 Qb8 14. h3 O-O 15. Qe2
Rd8 16. Bc2 Ne5 17. Bg5 h6 18. Bxf6 gxf6 19. Rad1 Bc5 20. Nf3 Ng6 21. Rxd8+ Qxd8
22. Rd1 Qc7 23. Qd2 Kg7 24. Ne2 Be7 25. Qc3 Rc8 26. Qxc7 Rxc7 27. Bb1 Ne5 28.
Nxe5 fxe5 29. g3 a5 30. Bd3 Rd7 31. f3 b4 32. axb4 axb4 33. Bc2 Rc7 34. Ba4 f5
35. exf5 exf5 36. Kf2 Bc5+ 37. Kg2 Ba6 38. Nc1 Bd4 39. Nd3 Bb7 40. h4 Kf6 41.
Bb3 e4 42. Nxb4 exf3+ 43. Kf1 Bxb2 44. Nd5+ Bxd5 45. Bxd5 Be5 46. Bxf3 Bxg3 47.
h5 Rc2 48. Be2 f4 49. Rd3 Kg5 50. Bf3 Rf2+ 51. Kg1 Kh4 52. Rc3 Rb2 53. Rd3 Bf2+
54. Kf1 Be3 55. Be2 Kg3 56. Ke1 Kg2 57. Bf1+ Kf3 58. Bh3 Ke4 59. Rd8 f3 60. Kd1
f2 61. Bg2+ Kf4 62. Rf8+ Kg3 63. Rg8+ Kh2 0-1

[Event "Qatar Masters Open 2024"]
[Site "Doha QAT"]
[Date "2024.12.05"]
[Round "3.66"]
[White "Wafa, Hamed"]
[Black "Garv, Rai"]
[Result "1/2-1/2"]
[WhiteTitle "IM"]
[WhiteElo "2359"]
[BlackElo "2277"]
[WhiteFideId "10628452"]
[BlackFideId "35049593"]
[EventDate "2024.12.03"]

1. e4 e5 2. Nf3 Nc6 3. Bc4 Bc5 4. d3 Nf6 5. c3 O-O 6. Bg5 h6 7. Bh4 Be7 8. Bg3
d6 9. a4 Be6 10. Bxe6 fxe6 11. a5 Qe8 12. Nbd2 Nh5 13. O-O Bf6 14. Qb3 Rb8 15.
Qc4 g5 16. h3 Nf4 17. d4 h5 18. d5 exd5 19. exd5 Ne7 20. Qxc7 g4 21. hxg4 Ne2+
22. Kh1 hxg4 23. Nh2 Nf5 24. Rfe1 Nexg3+ 25. fxg3 Rc8 26. Qxb7 Nxg3+ 27. Kg1 Bg5
28. Ne4 Nxe4 29. Rxe4 g3 30. Nf1 Bf4 31. Rae1 Rf7 32. Qa6 Qd7 33. Ne3 Rcf8 34.
Qe2 Rg7 35. Qh5 Qc8 36. Qe2 Rf6 37. Rf1 Qe8 38. Ng4 Qg6 39. Nxf6+ Qxf6 40. Qh5
Rf7 41. Qg4+ Kh7 42. Rfxf4 exf4 43. Qh5+ Kg7 44. Re6 Re7 45. Qg4+ Kh7 46. a6
Rxe6 47. Qxe6 Qg5 48. Qxd6 Qh5 49. Qe7+ Kg8 50. Qd8+ Kg7 51. Qd7+ Kg8 52. Qc8+
Kg7 53. Qc7+ Kg6 54. Qd6+ Kg7 55. Qe7+ Kg8 56. Qd8+ Kg7 57. Qc7+ Kg6 58. Qd6+
Kg7 59. Qe7+ Kg8 60. Qe6+ Kg7 61. Qd7+ Kg8 62. Qc8+ Kg7 63. Qc7+ Kg6 64. Qd6+
Kg7 65. Qd7+ Kg8 66. Qc8+ Kg7 67. Qc7+ Kg6 68. Qd6+ Kg7 69. Qe7+ Kg8 70. Qe6+
Kg7 71. Qe7+ Kg8 1/2-1/2

[Event "Qatar Masters Open 2024"]
[Site "Doha QAT"]
[Date "2024.12.05"]
[Round "3.67"]
[White "Sultan, Ibrahim"]
[Black "Baradaran Tamadon, Arian"]
[Result "0-1"]
[WhiteTitle "IM"]
[BlackTitle "FM"]
[WhiteElo "2205"]
[BlackElo "2334"]
[WhiteFideId "9301143"]
[BlackFideId "12595837"]
[EventDate "2024.12.03"]

1. e4 c6 2. d4 d5 3. e5 c5 4. dxc5 e6 5. Bd3 Bxc5 6. Qg4 Kf8 7. Nf3 Nc6 8. c3 f6
9. Qg3 fxe5 10. Nxe5 Nf6 11. O-O Nxe5 12. Qxe5 Bd6 13. Qe2 e5 14. c4 e4 15. Bc2
Bg4 16. Qe1 Qe8 17. Bd1 Qh5 18. h3 Bxd1 19. Qxd1 Qe5 20. g3 d4 21. Bf4 Qe6 22.
Qxd4 Bxf4 23. gxf4 Qxh3 24. Qe3 Qf5 25. Nc3 Rg8 26. Nd5 Nxd5 27. cxd5 g5 28.
Qc5+ Ke8 29. Qb5+ Kd8 30. Rfc1 gxf4+ 31. Kf1 Qh3+ 32. Ke1 Rg1+ 33. Kd2 e3+ 34.
Kd3 exf2+ 0-1

[Event "Qatar Masters Open 2024"]
[Site "Doha QAT"]
[Date "2024.12.05"]
[Round "3.68"]
[White "Abdulla, Murad"]
[Black "Binu, Devdutt"]
[Result "1-0"]
[WhiteTitle "FM"]
[BlackTitle "CM"]
[WhiteElo "2321"]
[BlackElo "2274"]
[WhiteFideId "2403757"]
[BlackFideId "366108941"]
[EventDate "2024.12.03"]

1. e4 e5 2. Nf3 Nc6 3. Bc4 Nf6 4. Ng5 d5 5. exd5 Na5 6. Bb5+ c6 7. dxc6 bxc6 8.
Qf3 cxb5 9. Qxa8 Qc7 10. Qf3 Nc6 11. c3 Bg4 12. Qg3 Nd4 13. Na3 Ne2 14. Qe3 Nf4
15. O-O N6d5 16. Qe1 Bxa3 17. bxa3 Nd3 18. Qe4 N5f4 19. f3 Bc8 20. Qe3 Qc4 21.
a4 O-O 22. Ba3 Rd8 23. axb5 Bf5 24. Ne4 Qxb5 25. Be7 Rb8 26. Bg5 Nd5 27. Qxa7
Rb7 28. c4 Rxa7 29. cxb5 Bxe4 30. fxe4 N5b4 31. a4 Nc2 32. b6 Ra8 33. a5 Ndb4
34. b7 Re8 35. a6 Nxa1 36. a7 1-0

[Event "Qatar Masters Open 2024"]
[Site "Doha QAT"]
[Date "2024.12.05"]
[Round "3.69"]
[White "Omar, Noaman"]
[Black "Luong Phuong Hanh"]
[Result "1-0"]
[WhiteTitle "IM"]
[BlackTitle "WIM"]
[WhiteElo "2315"]
[BlackElo "2225"]
[WhiteFideId "9300244"]
[BlackFideId "12401013"]
[EventDate "2024.12.03"]

1. d4 f5 2. Bg5 h6 3. Bh4 g5 4. e3 Nf6 5. Bg3 d6 6. h4 Rg8 7. hxg5 hxg5 8. Nc3
c6 9. Bd3 Be6 10. Qd2 Qa5 11. Nge2 Na6 12. f3 Nb4 13. e4 f4 14. Bf2 Nxd3+ 15.
cxd3 Bd7 16. b4 Qxb4 17. Rb1 Qa5 18. Rxb7 Bc8 19. Rb3 Be6 20. Rb7 Bc8 21. Rb3
Be6 22. Rb1 Bd7 23. g4 Bg7 24. d5 cxd5 25. Nxd5 Qxd2+ 26. Kxd2 Nxd5 27. exd5 a6
28. Bd4 Bxd4 29. Nxd4 Kf7 30. Rb7 Rad8 31. Rh7+ Rg7 32. Rxg7+ Kxg7 33. Nc6 Bxc6
34. dxc6 Kf6 35. Kc3 Rc8 36. Rb6 e5 37. Kc4 Ke6 38. d4 d5+ 39. Kc5 exd4 40. Rb1
d3 41. Re1+ Kf6 42. Rd1 Ke6 43. Rxd3 Rb8 44. c7 Rc8 45. Kc6 a5 46. a4 Ra8 47.
Rxd5 1-0

[Event "Qatar Masters Open 2024"]
[Site "Doha QAT"]
[Date "2024.12.06"]
[Round "4.1"]
[White "Naiditsch, Arkadij"]
[Black "Esipenko, Andrey"]
[Result "1/2-1/2"]
[WhiteTitle "GM"]
[BlackTitle "GM"]
[WhiteElo "2636"]
[BlackElo "2682"]
[WhiteFideId "4650891"]
[BlackFideId "24175439"]
[EventDate "2024.12.03"]

1. e4 e5 2. Nf3 Nc6 3. Bb5 a6 4. Ba4 Be7 5. O-O Nf6 6. Re1 b5 7. Bb3 O-O 8. c3
d5 9. exd5 Nxd5 10. Nxe5 Nxe5 11. Rxe5 Bb7 12. d4 Bf6 13. Re1 Re8 14. Rxe8+ Qxe8
15. Na3 b4 16. cxb4 Nxb4 17. Nc4 Bxd4 18. Be3 Qe4 19. Qf1 Bf6 20. Rd1 Nd5 21.
Bc1 Re8 22. Ne3 Nb6 23. Bc2 Qc6 24. Bd3 Qa4 25. a3 h5 26. Nc4 Bd5 27. Ne3 Bb7
28. h3 g6 29. Nc4 Bc8 30. Nd2 Bb7 31. b3 Qc6 32. a4 Qc3 33. Bxa6 Bxa6 34. Qxa6
Bd4 35. Qf1 Qc2 36. a5 Nd5 37. Re1 Rxe1 38. Qxe1 Bc3 39. a6 Qa2 40. Qe8+ Kg7 41.
Qa4 Qc2 42. a7 Qxc1+ 43. Nf1 Nb6 44. a8=Q Nxa8 45. Qxa8 Bd4 46. Qf3 Qc2 47. g4
h4 48. Kg2 Kf8 49. Qf4 Qc6+ 50. Kg1 Qc3 51. Kg2 c5 52. Nd2 Qc2 53. Ne4 Qxb3 54.
Qd6+ Kg7 1/2-1/2

[Event "Qatar Masters Open 2024"]
[Site "Doha QAT"]
[Date "2024.12.06"]
[Round "4.2"]
[White "Sargsyan, Shant"]
[Black "Idani, Pouya"]
[Result "1/2-1/2"]
[WhiteTitle "GM"]
[BlackTitle "GM"]
[WhiteElo "2646"]
[BlackElo "2603"]
[WhiteFideId "13306766"]
[BlackFideId "12510130"]
[EventDate "2024.12.03"]

1. c4 e6 2. Nc3 Bb4 3. Qb3 Ba5 4. Nf3 Nf6 5. g3 O-O 6. Bg2 c5 7. O-O Nc6 8. Rd1
e5 9. d3 h6 10. Bd2 d6 11. e3 Rb8 12. Ne4 Bxd2 13. Nfxd2 Bg4 14. Re1 a6 15.
Nxf6+ Qxf6 16. a3 Qd8 17. Qc3 a5 18. Nb3 Ra8 19. Rab1 Qc7 20. Na1 Rab8 21. Nc2
Bd7 22. b4 axb4 23. axb4 Nxb4 24. Nxb4 cxb4 25. Rxb4 b5 26. Qa3 bxc4 27. Rxc4
Qb6 28. Bd5 Be6 29. Bxe6 fxe6 30. Rc2 Qb3 31. Qxb3 Rxb3 32. d4 exd4 33. exd4 Rf6 1/2-1/2

[Event "Qatar Masters Open 2024"]
[Site "Doha QAT"]
[Date "2024.12.06"]
[Round "4.3"]
[White "Erigaisi, Arjun"]
[Black "Pranesh, M"]
[Result "1/2-1/2"]
[WhiteTitle "GM"]
[BlackTitle "GM"]
[WhiteElo "2801"]
[BlackElo "2582"]
[WhiteFideId "35009192"]
[BlackFideId "35028600"]
[EventDate "2024.12.03"]

1. e4 e5 2. Nf3 Nc6 3. Bb5 a6 4. Ba4 b5 5. Bb3 Na5 6. O-O d6 7. d4 exd4 8. Re1
Ne7 9. e5 Nxb3 10. axb3 dxe5 11. Nxe5 Bb7 12. Qg4 Qd5 13. Kf1 h5 14. Qh3 Bc8 15.
Qh4 Bb7 16. Qh3 Bc8 17. Qf3 Bb7 18. Nd2 Rh6 19. Ne4 Rb6 20. Qxh5 O-O-O 21. Qh3+
Kb8 22. Nd3 Ng6 23. Bd2 Be7 24. b4 Rh8 25. Qg3 Nh4 26. Nf4 Qc4+ 27. Kg1 g5 28.
Nd3 Re6 29. b3 Qc6 30. f3 Qxc2 31. Ndc5 Bxc5 32. Rac1 Bd6 33. Rxc2 Bxg3 34. hxg3
Bxe4 35. fxe4 Ng6 36. Bxg5 f5 37. Rec1 fxe4 38. Rxc7 e3 39. Rd7 Rc8 40. Re1 Rc3
41. Rxd4 Rxb3 42. Kh2 Kb7 43. Kh3 Ne5 44. Rxe3 Rxe3 45. Bxe3 Nc6 46. Rd7+ Kc8
47. Rd3 Nxb4 48. Rb3 Nd5 1/2-1/2

[Event "Qatar Masters Open 2024"]
[Site "Doha QAT"]
[Date "2024.12.06"]
[Round "4.4"]
[White "Zemlyanskii, Ivan"]
[Black "Nihal, Sarin"]
[Result "1/2-1/2"]
[WhiteTitle "GM"]
[BlackTitle "GM"]
[WhiteElo "2543"]
[BlackElo "2676"]
[WhiteFideId "24249971"]
[BlackFideId "25092340"]
[EventDate "2024.12.03"]

1. e4 e5 2. Nf3 Nc6 3. Bc4 Bc5 4. c3 Nf6 5. d3 h6 6. b4 Be7 7. Qb3 O-O 8. a4 d6
9. Nbd2 Nb8 10. d4 exd4 11. cxd4 c6 12. e5 Nd5 13. b5 Nf4 14. O-O d5 15. Bd3 c5
16. dxc5 Nd7 17. Bc2 Ne2+ 18. Kh1 Nxc5 19. Qe3 d4 20. Qxe2 d3 21. Bxd3 Qxd3 22.
Qxd3 Nxd3 23. Ba3 Bxa3 24. Rxa3 Rd8 25. Nc4 Bg4 26. Nd6 Bxf3 27. gxf3 Nxe5 28.
Nxb7 Rd2 29. Na5 Rc8 30. Re3 f6 31. f4 Ng4 32. Rf3 Rcc2 33. Kg1 h5 34. Nc6 Ra2
35. Nxa7 Rxa4 36. Nc8 Rb4 37. b6 Kh7 38. Ne7 Rxb6 39. Nf5 Rb5 40. Ne3 Nxe3 41.
fxe3 Re2 42. R1f2 Rb1+ 43. Kg2 Rbe1 44. Rxe2 Rxe2+ 45. Kg1 Kg6 46. Rg3+ Kf5 47.
h4 g6 48. Kh1 Ke4 49. Rxg6 Rxe3 50. Rxf6 Rh3+ 51. Kg2 Rxh4 52. Kg3 Rg4+ 53. Kh3
Rxf4 54. Rxf4+ Kxf4 55. Kh4 Kf5 56. Kxh5 1/2-1/2

[Event "Qatar Masters Open 2024"]
[Site "Doha QAT"]
[Date "2024.12.06"]
[Round "4.5"]
[White "Sankalp, Gupta"]
[Black "Martirosyan, Haik M."]
[Result "1/2-1/2"]
[WhiteTitle "GM"]
[BlackTitle "GM"]
[WhiteElo "2545"]
[BlackElo "2656"]
[WhiteFideId "5097010"]
[BlackFideId "13306553"]
[EventDate "2024.12.03"]

1. e4 e5 2. Nf3 Nc6 3. Bb5 Nf6 4. d3 Bc5 5. Bxc6 dxc6 6. O-O Nd7 7. c3 O-O 8. d4
Bd6 9. Bg5 f6 10. Bh4 Qe8 11. Re1 Nb6 12. Nbd2 a5 13. Bg3 a4 14. h3 Qe7 15. b3
exd4 16. cxd4 Be6 17. Qc2 axb3 18. axb3 Bxg3 19. fxg3 Qb4 20. g4 Rad8 21. Re3
Rfe8 22. Rae1 Bf7 23. Nf1 Ra8 24. Qf2 Ra3 25. N1d2 Ra2 26. R3e2 Raa8 27. Kh1 Nd7
28. Qg3 Rac8 29. e5 Bd5 30. exf6 Nxf6 31. g5 Rxe2 32. Rxe2 Nd7 33. g6 hxg6 34.
Qxg6 Qd6 35. Qxd6 cxd6 36. Nc4 1/2-1/2

[Event "Qatar Masters Open 2024"]
[Site "Doha QAT"]
[Date "2024.12.06"]
[Round "4.6"]
[White "Narayanan, S.L."]
[Black "Raja, Rithvik R"]
[Result "1/2-1/2"]
[WhiteTitle "GM"]
[BlackTitle "GM"]
[WhiteElo "2647"]
[BlackElo "2521"]
[WhiteFideId "5058422"]
[BlackFideId "35007394"]
[EventDate "2024.12.03"]

1. e4 c5 2. Nf3 d6 3. Bc4 Nf6 4. d3 Nc6 5. O-O g6 6. a4 Bg7 7. Re1 O-O 8. c3 d5
9. exd5 Nxd5 10. a5 e6 11. a6 b6 12. Bg5 Qd7 13. Qa4 Nc7 14. Bf4 Rd8 15. Na3 Na5
16. Qxd7 Rxd7 17. Nb5 Ne8 18. Ng5 Bxa6 19. Nxe6 Nxc4 20. dxc4 Bxb5 21. Nxg7 Kxg7
22. cxb5 Nc7 23. Be5+ f6 24. Bxc7 Rxc7 25. Rad1 Kf7 26. Rd6 Re7 27. Ra1 Rc8 28.
c4 Rcc7 29. Rad1 Re2 30. R6d2 Rxd2 31. Rxd2 Ke6 32. Re2+ Kf7 33. g3 a6 34. bxa6
Ra7 35. Rd2 Ke7 36. Re2+ Kf7 37. Rd2 Ke7 38. Re2+ Kf7 39. Re3 Rxa6 40. h4 Ra4
41. b3 Rb4 42. Kf1 b5 43. cxb5 Rxb5 44. Ke2 Rb4 45. Rc3 Ke6 46. Rxc5 1/2-1/2

[Event "Qatar Masters Open 2024"]
[Site "Doha QAT"]
[Date "2024.12.06"]
[Round "4.7"]
[White "Karthikeyan, Murali"]
[Black "Mahdavi, Reza"]
[Result "1-0"]
[WhiteTitle "GM"]
[BlackTitle "FM"]
[WhiteElo "2637"]
[BlackElo "2394"]
[WhiteFideId "5074452"]
[BlackFideId "12595926"]
[EventDate "2024.12.03"]

1. e4 c5 2. Nf3 d6 3. d4 cxd4 4. Nxd4 Nf6 5. Nc3 a6 6. f3 e5 7. Nb3 Be6 8. Be3
Nbd7 9. Qd2 b5 10. O-O-O Nb6 11. Qf2 Rb8 12. Nc5 b4 13. Nb1 d5 14. Qg3 Nbd7 15.
Nxd7 Qxd7 16. Qxe5 Bd6 17. Qg5 h6 18. Qxg7 Ke7 19. e5 Bxe5 20. Bc5+ Bd6 21.
Bxd6+ Qxd6 22. Qg3 Qxg3 23. hxg3 h5 24. Bxa6 Rhg8 25. a3 Rxg3 26. Bf1 bxa3 27.
Nxa3 Rb4 28. Nb5 Rg8 29. Rd4 Rxd4 30. Nxd4 Ra8 31. Kd2 Ra1 32. g3 Kd6 33. Bg2
Ra8 34. Ke3 Rb8 35. b3 Rg8 36. Kf2 Kc5 37. c3 Ra8 38. Re1 Kd6 39. Bf1 h4 40. g4
Bd7 41. Bd3 Rc8 42. Ne2 Be6 43. Rh1 Rh8 44. Nd4 Nd7 45. Bf5 Nc5 46. Ra1 Bxf5 47.
Nxf5+ Ke5 48. Re1+ Kf6 49. Rd1 h3 50. Rxd5 h2 51. Ng3 Nxb3 52. Kg2 Ke6 53. Rh5
Rc8 54. Ne4 Nc1 55. Rxh2 Ne2 56. Kf1 Nf4 57. Rh6+ Ke7 58. Rf6 Nd5 59. Rxf7+ Kxf7
60. Nd6+ Ke6 61. Nxc8 Kd7 62. Na7 Nxc3 63. Ke1 Kd6 64. Kd2 Nd5 65. Nb5+ Ke5 66.
Nc3 1-0

[Event "Qatar Masters Open 2024"]
[Site "Doha QAT"]
[Date "2024.12.06"]
[Round "4.8"]
[White "Abdisalimov, Abdimalik"]
[Black "Salem, A.R. Saleh"]
[Result "1/2-1/2"]
[WhiteTitle "GM"]
[BlackTitle "GM"]
[WhiteElo "2536"]
[BlackElo "2622"]
[WhiteFideId "14206323"]
[BlackFideId "9301348"]
[EventDate "2024.12.03"]

1. e4 c5 2. Nf3 d6 3. Bb5+ Nd7 4. c3 Nf6 5. Qe2 a6 6. Ba4 b5 7. Bc2 Bb7 8. d4 e6
9. O-O Be7 10. Re1 O-O 11. Nbd2 cxd4 12. cxd4 Qb6 13. Nf1 Rfc8 14. Ng3 b4 15.
Bd3 a5 16. Be3 Ba6 17. d5 Bxd3 18. Qxd3 Qa6 19. Qxa6 Rxa6 20. dxe6 fxe6 21. Rec1
Raa8 22. h3 h6 23. Kf1 Kf7 24. Ke2 Bf8 25. Bd4 e5 26. Be3 Ke6 27. Rxc8 Rxc8 28.
Rc1 Rxc1 29. Bxc1 Nc5 30. Nd2 a4 31. f3 d5 32. exd5+ Kxd5 33. b3 a3 34. Nf5 Nh5
35. Ne3+ Kc6 36. Kd1 Nf4 37. Ndc4 e4 38. Nc2 Nfd3 39. Bd2 exf3 40. gxf3 Ne6 41.
Ke2 Ndf4+ 1/2-1/2

[Event "Qatar Masters Open 2024"]
[Site "Doha QAT"]
[Date "2024.12.06"]
[Round "4.9"]
[White "Daneshvar, Bardiya"]
[Black "Kazhgaleyev, Murtas"]
[Result "1-0"]
[WhiteTitle "GM"]
[BlackTitle "GM"]
[WhiteElo "2600"]
[BlackElo "2488"]
[WhiteFideId "12576468"]
[BlackFideId "13700316"]
[EventDate "2024.12.03"]

1. d4 Nf6 2. c4 e6 3. Nf3 c5 4. d5 b5 5. dxe6 fxe6 6. cxb5 d5 7. g3 a6 8. bxa6
Nc6 9. Bg2 Be7 10. O-O O-O 11. Nc3 Bxa6 12. Re1 h6 13. h3 Qe8 14. a4 d4 15. Nb1
e5 16. Nfd2 Rd8 17. Na3 e4 18. Nxe4 Nxe4 19. Bxe4 c4 20. Bg2 Qf7 21. Bf4 Nb4 22.
Rf1 Bc5 23. Nb5 g5 24. Bc7 Rd5 25. Ba5 Rf5 26. Bxb4 Bxb4 27. Qxd4 Bc5 28. Qe4
Bxf2+ 29. Kh1 Bxg3 30. Rxf5 Qxf5 31. Qxc4+ Kg7 32. Rf1 Qe5 33. Rxf8 Kxf8 34. Qc6
Bxb5 35. Qxh6+ Ke7 36. axb5 Bf4 37. Qh7+ Kf8 38. Qd3 Qc5 39. Qd8+ Kg7 40. Qd7+
Kf6 41. Qc6+ Bd6 42. b6 Qxc6 43. Bxc6 Kf5 44. e3 Bc5 45. b7 Bd6 46. Kg2 Bb8 47.
Kf3 Bc7 48. b3 Bb8 49. Bb5 Bc7 50. Bd3+ Ke5 51. Kg4 Kf6 52. Kh5 Bb8 53. Kh6 Bc7
54. Kh7 Be5 55. Kg8 Ke7 56. Bb5 Kd8 57. Bc6 Kc7 58. Bd5 1-0

[Event "Qatar Masters Open 2024"]
[Site "Doha QAT"]
[Date "2024.12.06"]
[Round "4.10"]
[White "Maghsoodloo, Parham"]
[Black "Madaminov, Mukhiddin"]
[Result "1/2-1/2"]
[WhiteTitle "GM"]
[BlackTitle "GM"]
[WhiteElo "2703"]
[BlackElo "2501"]
[WhiteFideId "12539929"]
[BlackFideId "14210703"]
[EventDate "2024.12.03"]

1. c4 c5 2. g3 g6 3. Bg2 Bg7 4. Nc3 Nc6 5. d3 Nf6 6. a3 d6 7. Rb1 O-O 8. b4 cxb4
9. axb4 a6 10. e3 Bg4 11. Nge2 Qd7 12. h3 Bxe2 13. Qxe2 b5 14. O-O Rab8 15. Ba3
e6 16. Rfd1 d5 17. cxd5 exd5 18. Rbc1 Rfc8 19. Nb1 Qd6 20. Nd2 a5 21. Nb3 axb4
22. Bb2 h5 23. e4 Nd7 24. Bxg7 Kxg7 25. f4 Ne7 26. Qb2+ Kg8 27. Nd4 Rc3 28. Kh1
Qc5 29. Ne2 Rc8 30. d4 Qc4 31. f5 Rc2 32. Rxc2 Qxc2 33. Rd2 Qxb2 34. Rxb2 dxe4
35. fxg6 fxg6 36. Bxe4 Nf6 37. Bd3 Nfd5 38. Bxb5 Kg7 39. Kg2 Nf5 40. Kf3 Nd6 41.
Bd3 g5 42. Kf2 Rf8+ 43. Ke1 Rf3 44. Kd2 h4 45. Ra2 b3 46. Ra7+ Kf6 47. Ra8 Ke6
48. gxh4 Nb4 49. Bh7 b2 50. Rb8 Rb3 51. Nc3 Nc4+ 52. Ke2 Rxc3 53. Rxb4 gxh4 54.
Bg8+ Kf6 55. Bxc4 Rxc4 56. Rb6+ Kf5 57. Rxb2 1/2-1/2

[Event "Qatar Masters Open 2024"]
[Site "Doha QAT"]
[Date "2024.12.06"]
[Round "4.11"]
[White "Chanda, Sandipan"]
[Black "Artemiev, Vladislav"]
[Result "1/2-1/2"]
[WhiteTitle "GM"]
[BlackTitle "GM"]
[WhiteElo "2480"]
[BlackElo "2701"]
[WhiteFideId "5004225"]
[BlackFideId "24101605"]
[EventDate "2024.12.03"]

1. e4 e5 2. Nf3 Nc6 3. Nc3 Nf6 4. Bb5 Bc5 5. O-O O-O 6. Nxe5 Nxe5 7. d4 Bd6 8.
f4 Nc6 9. e5 Be7 10. exf6 Bxf6 11. d5 Nb4 12. a3 c6 13. axb4 cxb5 14. d6 Qb6+
15. Kh1 Bxc3 16. bxc3 Qc6 17. f5 f6 18. Rf3 b6 19. Rg3 Bb7 20. Bh6 Rf7 21. Qg4
Qe4 22. Qh5 Bd5 23. Rg1 Qe5 24. Qg4 Qe4 25. Qh5 Qe5 26. Qg4 Qe4 27. Qh5 1/2-1/2

[Event "Qatar Masters Open 2024"]
[Site "Doha QAT"]
[Date "2024.12.06"]
[Round "4.12"]
[White "Tabatabaei, M. Amin"]
[Black "Aaditya, Dhingra"]
[Result "1/2-1/2"]
[WhiteTitle "GM"]
[BlackTitle "IM"]
[WhiteElo "2695"]
[BlackElo "2448"]
[WhiteFideId "12521213"]
[BlackFideId "25678191"]
[EventDate "2024.12.03"]

1. c4 e5 2. d3 Nf6 3. Nf3 c6 4. Nc3 d6 5. g3 Be7 6. Bg2 O-O 7. O-O Nbd7 8. Nd2
a5 9. b3 Nc5 10. Ba3 Bg4 11. h3 Bh5 12. Nf3 Ne6 13. Nh4 Re8 14. Nf5 Bf8 15. Ne4
Nxe4 16. dxe4 a4 17. b4 f6 18. Qd2 Qc7 19. Rfd1 Red8 20. Rac1 Bf7 21. h4 h5 22.
Rc3 Kh7 23. Rd3 g6 24. Ne3 Bh6 25. Bb2 Qe7 26. Bh3 Bf8 27. Qc2 Nc7 28. Ra3 d5
29. exd5 cxd5 30. cxd5 Nxd5 31. Nxd5 Rxd5 32. Rxd5 Bxd5 33. Rxa4 Be4 34. Qb3
Rxa4 35. Qxa4 Qxb4 36. Qxb4 Bxb4 37. Be6 Bc5 38. Kf1 Kg7 39. f3 Bc6 40. Bc4 Be8
41. Bd3 Be3 42. Bc3 Bc6 43. Bb4 Bd5 44. a4 b6 45. Bb5 Kf7 46. Bc3 Ke7 47. Kg2 e4
48. f4 Bc5 49. Kf1 Be6 50. Ke1 f5 51. a5 1/2-1/2

[Event "Qatar Masters Open 2024"]
[Site "Doha QAT"]
[Date "2024.12.06"]
[Round "4.13"]
[White "Vokhidov, Shamsiddin"]
[Black "Gan-Erdene, Sugar"]
[Result "1-0"]
[WhiteTitle "GM"]
[BlackTitle "IM"]
[WhiteElo "2681"]
[BlackElo "2437"]
[WhiteFideId "14204223"]
[BlackFideId "4902980"]
[EventDate "2024.12.03"]

1. e4 c5 2. Nf3 e6 3. d4 cxd4 4. Nxd4 Nc6 5. Nc3 Qc7 6. Be3 a6 7. g4 b5 8. Nxc6
Qxc6 9. Qd2 b4 10. Ne2 Qxe4 11. Rg1 Qc4 12. Ng3 Qc7 13. O-O-O Nf6 14. Bf4 Qa5
15. Bg2 d5 16. g5 Nd7 17. Nf5 Bb7 18. Nd6+ Bxd6 19. Bxd6 Rc8 20. Kb1 Qb6 21.
Bxb4 Rc4 22. a3 Qc7 23. b3 Rh4 24. Rge1 Nb6 25. h3 Kd7 26. Ba5 Rb8 27. Bc3 Ba8
28. Qd3 Nc4 29. Ka2 Rc8 30. Bxg7 Qc5 31. bxc4 Rxc4 32. Re2 Rxc2+ 33. Bb2 Qc4+
34. Qxc4 R8xc4 35. Rdd2 Rxd2 36. Rxd2 Bc6 37. Be5 Rh4 38. Rd4 1-0

[Event "Qatar Masters Open 2024"]
[Site "Doha QAT"]
[Date "2024.12.06"]
[Round "4.14"]
[White "Yakubboev, Nodirbek"]
[Black "Goutham Krishna H"]
[Result "1-0"]
[WhiteTitle "GM"]
[BlackTitle "IM"]
[WhiteElo "2668"]
[BlackElo "2466"]
[WhiteFideId "14203987"]
[BlackFideId "25983504"]
[EventDate "2024.12.03"]

1. e4 c5 2. Nf3 d6 3. d4 cxd4 4. Nxd4 Nf6 5. Nc3 a6 6. f3 e6 7. g4 h6 8. Qe2
Nbd7 9. h4 b5 10. a3 Bb7 11. Rh3 g6 12. Be3 Rc8 13. O-O-O Ne5 14. Qe1 Nc4 15.
Bxc4 Rxc4 16. Nb3 Qc7 17. Kb1 Be7 18. g5 hxg5 19. Bxg5 Rh5 20. Rd3 d5 21. Nd2
Rc5 22. e5 Ng8 23. f4 Nh6 24. Bxe7 Kxe7 25. Nb3 Rc4 26. Nd4 Nf5 27. Nce2 Nxd4
28. Nxd4 Qb6 29. Qe3 Kd7 30. b3 Rc8 31. Rc3 Rch8 32. Qf2 b4 33. axb4 Qxb4 34.
Ne2 Rc8 35. Rxc8 Kxc8 36. Qa7 Rh8 37. Kb2 Kc7 38. Rc3+ Kd7 39. Nc1 Ra8 40. Qg1
Rc8 41. Rxc8 Kxc8 42. Nd3 Qe7 43. Qb6 Qc7 44. Qb4 Bc6 45. Qf8+ Kb7 46. Ne1 d4
47. Nd3 Bb5 48. Nc5+ Kc6 49. Ne4 Kd5 50. Nf6+ Kc6 51. Ne8 Qd8 52. Qxf7 d3 53.
Qxe6+ Kc5 54. Nd6 Kd4 55. Nxb5+ axb5 56. Qd6+ 1-0

[Event "Qatar Masters Open 2024"]
[Site "Doha QAT"]
[Date "2024.12.06"]
[Round "4.15"]
[White "Nigmatov, Ortik"]
[Black "Nguyen, Ngoc Truong Son"]
[Result "1/2-1/2"]
[WhiteTitle "IM"]
[BlackTitle "GM"]
[WhiteElo "2447"]
[BlackElo "2646"]
[WhiteFideId "14202131"]
[BlackFideId "12401110"]
[EventDate "2024.12.03"]

1. e4 e5 2. Nf3 Nc6 3. Bb5 Nf6 4. O-O Nxe4 5. Re1 Nd6 6. Nxe5 Be7 7. Bf1 O-O 8.
d4 Nf5 9. Nf3 d5 10. g3 Nd6 11. Nc3 Be6 12. Bg2 Bf6 13. Bf4 Nf5 14. Nb5 Rc8 15.
c3 a6 16. Na3 Nd6 17. Ne5 Be7 18. Nxc6 bxc6 19. Qa4 Rb8 20. Nc2 a5 21. Qxc6 Rb6
22. Qa4 Nc4 23. Ne3 Nxb2 24. Qxa5 Nd3 25. Reb1 Nxf4 26. gxf4 Rxb1+ 27. Rxb1 c6
28. Qxd8 Bxd8 29. c4 Bf6 30. cxd5 cxd5 31. f5 Bd7 32. Nxd5 Bg5 33. Rb7 Bxf5 34.
Ne7+ Bxe7 35. Rxe7 Rc8 36. Bd5 g6 37. Bb3 Rc3 38. Kf1 Rd3 39. d5 Bg4 40. Re3 Rd4
41. f3 Bd7 42. Re7 Bf5 43. Kf2 Kg7 44. Ke3 Rd3+ 45. Ke2 Kf6 46. d6 Rxd6 47.
Rxf7+ Ke5 48. Rxh7 g5 49. Rh8 Kf4 50. Rf8 Rh6 51. Kf1 Rc6 52. Rf7 Ke5 53. Kf2
Rc1 54. Rb7 Rc3 55. Rb5+ Kf6 56. Rb4 Rc1 57. a4 Bd7 58. a5 Ra1 59. Rb6+ Ke5 60.
a6 g4 61. fxg4 Bxg4 62. Bc4 Bc8 63. Rc6 Bf5 64. Be2 Ra2 65. Rc5+ Kf4 66. Rc3 Bd7
67. Rc4+ Ke5 68. Ke3 Rxe2+ 69. Kxe2 Bb5 70. Kd3 Bxa6 71. Kc3 Bxc4 72. Kxc4 Kf4
73. Kb5 Kg4 74. Ka4 Kh3 75. Ka5 Kxh2 1/2-1/2